| 000 | 00591nam a2200205Ia 4500 | ||
|---|---|---|---|
| 005 | 20250923145513.0 | ||
| 008 | 008 250917s9999 xx 000 0 eng d | ||
| 037 | _aTextual | ||
| 040 |
_aDSWL _beng _cDSWL |
||
| 041 |
_aeng _2eng |
||
| 084 |
_aY5927:4.2, N79 _qDSWL |
||
| 100 |
_aKamble, J.R. _9836007 |
||
| 245 | 0 |
_aRise & awakening of depressed classes in India _c by J.R.Kamble |
|
| 260 |
_aNew Delhi _bDelhi National _c1979 |
||
| 300 | _axx,327p. | ||
| 365 |
_aINR _b67.5 |
||
| 925 | _g67.5 | ||
| 942 |
_cTEXL _hY5927:4.2, N79 |
||
| 999 |
_c1452161 _d1452161 |
||